ICSC 2007 fifth international conference on soft computing applied in computer and economic environments
Uložené v:
| Korporativný autor: | |
|---|---|
| Médium: | Kniha |
| Jazyk: | English Czech |
| Vydavateľské údaje: |
Kunovice
European polytechnical institute
2007
|
| Predmet: | |
| Tagy: |
Žiadne tagy, Buďte prvý, kto otaguje tento záznam!
|
MARC
| LEADER | 00000nam$a2200000$$$4500 | ||
|---|---|---|---|
| 001 | 0060113 | ||
| 005 | 20240109070814.4 | ||
| 020 | |a 80-7314-108-6 | ||
| 041 | 0 | |a eng | |
| 041 | 0 | |a cze | |
| 044 | |a CZ | ||
| 245 | 1 | 0 | |a ICSC 2007 |b fifth international conference on soft computing applied in computer and economic environments |
| 264 | 1 | |a Kunovice |b European polytechnical institute |c 2007 | |
| 300 | |a 318 s. | ||
| 610 | 2 | 0 | |a systémy informačné |
| 610 | 2 | 0 | |a rozhodovanie |
| 610 | 2 | 0 | |a optimalizácia |
| 610 | 2 | 0 | |a modelovanie |
| 610 | 2 | 0 | |a siete neurónové |
| 610 | 2 | 0 | |a siete počítačové |
| 610 | 2 | 0 | |a systémy počítačové |
| 610 | 2 | 0 | |a modelovanie systémov riadiacich |
| 110 | 2 | |a ICSC 2007. International conference on soft computing applied in computer and economic environments | |